000
00324nam a2200109Ia 4500
008
171211s9999 xx 000 0 und d
245
_a
Narrative Design : The Designer As an Istigator of Changes
245
_c
Giulia Cordin
260
_c
2016
650
_x
Design
856
_u
http://down.ebook777.com/062/9783631660928.pdf
999
_c
347893
_d
347893